ბათუმის შოთა რუსთაველის სახელმწიფო უნივერსიტეტის ბიბლიოთეკა

Размещение и крепление грузов в вагонах. (ბიბ.ჩანაწერი № 37274)

000 -LEADER
fixed length control field 00654nam a2200205Ia 4500
001 - CONTROL NUMBER
control field 3233
003 - CONTROL NUMBER IDENTIFIER
control field GE_BSU
008 - FIXED-LENGTH DATA ELEMENTS--GENERAL INFORMATION
fixed length control field 181216s||||||||xx |||||||||||||| ||und||
040 ## - CATALOGING SOURCE
Transcribing agency GE_BSU
080 ## - UNIVERSAL DECIMAL CLASSIFICATION NUMBER
Universal Decimal Classification number 656.212(035)
100 ## - MAIN ENTRY--PERSONAL NAME
Personal name Малов,А.Д. Михайлов,О.И. Штейнфер,Г.М. Ефимов,Г.П.
245 ## - TITLE STATEMENT
Title Размещение и крепление грузов в вагонах.
245 ## - TITLE STATEMENT
Remainder of title Справочник.
260 ## - PUBLICATION, DISTRIBUTION, ETC.
Place of publication, distribution, etc. М.
260 ## - PUBLICATION, DISTRIBUTION, ETC.
Name of publisher, distributor, etc. Транспорт.
260 ## - PUBLICATION, DISTRIBUTION, ETC.
Date of publication, distribution, etc. 1970.
300 ## - PHYSICAL DESCRIPTION
Extent 344 стр. 21 см.
653 ## - INDEX TERM--UNCONTROLLED
Uncontrolled term Размещение и крепление грузов в вагонах.
942 ## - ADDED ENTRY ELEMENTS (KOHA)
Koha item type წიგნი
ეგზემპლარები
Withdrawn status Lost status Damaged status Not for loan Date acquired Barcode Date last seen Price effective from Koha item type Public note
        2018-12-17 9820 2018-12-17 2018-12-17 წიგნი დარბაზი